| 000 | 01292nam a2200313 4500 | ||
|---|---|---|---|
| 001 | 0000019038 | ||
| 003 | CO-CtgCURN | ||
| 005 | 20250329174201.0 | ||
| 007 | ta | ||
| 008 | 160627s2002 000 0 eng d | ||
| 020 | _a8448132327 | ||
| 040 |
_aCO-CtgCURN _bspa _ccoctgcurn |
||
| 082 | 0 |
_a005.3 _bF75m |
|
| 100 | 1 | _aFrye, Curtis. | |
| 245 | 1 | 0 |
_aMicrosoft Access version 2002 : _breferencia rapida visual / _cCurtis Frye , traducción Ines Carbonell Ayuso. |
| 260 |
_aMadrid : _bMcGraw Hill Interamericana, _c2002. |
||
| 300 | _aviii, 202 p. | ||
| 336 | _2rdacontent | ||
| 337 |
_2rdamedia _asin mediacion _bn |
||
| 338 |
_2rdacarrier _avolumen _bnc |
||
| 490 | 1 | _aMcGraw-Hill Profesional | |
| 500 | _aTraducido de la primera edicion en ingles de Microsof access version 2002 plain y simple. | ||
| 505 | 8 | _aIntroducción a microsoft access 2002.--Fundamentos basicos de las bases de datos Access.--Creacion de una base de datos.--Personalizacion de los campos.--Personalizacion de tablas.--Creacion de formularios.--Creacion de consultas | |
| 650 | 1 | 4 | _aAcces (Programas para computador) |
| 700 | 1 |
_aCarbonell Ayuso, María Ines, _eTraductor. |
|
| 908 | _a160627 | ||
| 942 |
_cBK _h005.3 _iF75m _2ddc |
||
| 999 |
_c8909 _d8909 |
||